00626nam a2200193 a 450000100100000000500170001000800410002702000180006804000250008608200180011110000240012924500580015326000480021130000350025950000630029465000240035765000240038165000270040500003918320240412074300.0130606s2011 dr ac 000 p spa d a9789945481051 aDO-SdBNPbspacBNPHU aRD861.5bJ61r1 aJiménez, Evaristy10aRetazos de amor y otros cortes :bpoemas y cuentos /. aSanto Domingo :bEditora Centenario,c2011. a80 p. :bil., retrs. ;c21 cm. aIncluye datos biográficos del autor en al contracubierta 0aPoesía dominicana 0aCuentos dominicanos 0aLiteratura dominicana.